| 000 | 01287nam0a22002771 4500 | ||
|---|---|---|---|
| 001 | v19\rc\2044868 | ||
| 005 | 20250620020811.0 | ||
| 035 | _a(NLR Aleph) 005124337 | ||
| 090 |
_a7623859 _c7623859 |
||
| 100 | _a20081111d1905 |||y0rusy50 ca | ||
| 101 | 0 | _arus | |
| 102 | _aRU | ||
| 105 | _aa z ||||| | ||
| 200 | 1 |
_aМария Николаевна Ермолова _e[Сценическая деятельность] _f[Статьи: проф. Н.И. Стороженко, А.И. Южина, М.И. Лаврова и Н.Е. Эфроса _gРис.: Л.О. Пастернака и И.С. Ягужинского] |
|
| 210 |
_aМосква _cА.А. Бахрушин _d1905 |
||
| 215 |
_a[4], VII, 171 с., 6 л. ил. _cил. _d23 |
||
| 464 | 0 |
_1701#1$aСтороженко$bН.И. _1701#1$aЮжин$bА.И.$f1857-1927$gАлександр Иванович _1701#1$aЛавров$bМ.И. _1701#1$aЭфрос$bН.Е.$f1867-1923$gНиколай Ефимович |
|
| 702 | 1 |
_aЕрмолова _bМ.Н. _f1853-1928 _gМария Николаевна _4570 |
|
| 702 | 1 |
_aПастернак _bЛ.О. _4440 |
|
| 702 | 1 |
_aЯгужинский _bИ.С. _4440 |
|
| 801 | 0 |
_aRU _bNLR _gpsbo |
|
| 801 | 1 |
_aRU _bProSoft-M _2rusmarc |
|
| 852 |
_aNLR _j38.26.1.28 |
||
| 852 |
_aNLR _j134/1227 |
||
| 942 | _cBOOK | ||
| 980 | _aNB | ||